000 00688nam a22002057a 4500
003 OSt
005 20240624053408.0
008 240624b |||||||| |||| 00| 0 eng d
020 _a9786214160648
040 _aDWC- Main Lib
_cOC
082 _aFil. 658.15 C117f 2019
100 _aCabrera , Ma. Elenita Balatbat
245 _aFinancial management :
_bcomprehensive volume /
_cMa. Elenita Balatbat Cabrera.
250 _a2019-2020 edition
260 _aManila, Philippines :
_bGIC Enterprises & Co., Inc.,
_cc2019.
300 _axvi , 631 pages :
_billustrations ;
_c23cm.
504 _aIncludes appendices and glossary.
650 _a1. Corporation- finance
942 _2ddc
_cBK - FIL
_n1
999 _c1217
_d1217